Design of equilibrium stage processes (Record no. 13691)

000 -LEADER
fixed length control field 00564nam a22002057a 4500
001 - CONTROL NUMBER
control field 13691
003 - CONTROL NUMBER IDENTIFIER
control field BD-DhUET
008 - FIXED-LENGTH DATA ELEMENTS--GENERAL INFORMATION
fixed length control field 150304b xxu||||| |||| 00| 0 eng d
020 ## - INTERNATIONAL STANDARD BOOK NUMBER
International Standard Book Number 070586373
040 ## - CATALOGING SOURCE
Original cataloging agency DLC
Transcribing agency DLC
Modifying agency BD-DhUET
082 ## - DEWEY DECIMAL CLASSIFICATION NUMBER
Classification number 660.28422
Item number SMI/1963
100 ## - MAIN ENTRY--PERSONAL NAME
Personal name Smith, Buford D.
245 ## - TITLE STATEMENT
Title Design of equilibrium stage processes
250 ## - EDITION STATEMENT
Edition statement 1st ed.
260 ## - PUBLICATION, DISTRIBUTION, ETC. (IMPRINT)
Place of publication, distribution, etc. New York
Name of publisher, distributor, etc. McGraw Hill
Date of publication, distribution, etc. 1963
300 ## - PHYSICAL DESCRIPTION
Extent xviii, 789 p.
Other physical details ill.
490 ## - SERIES STATEMENT
Series statement McGraw Hill chemical engineering series
650 #0 - SUBJECT ADDED ENTRY--TOPICAL TERM
Topical term or geographic name as entry element Separation : Chemical technology
942 ## - ADDED ENTRY ELEMENTS (KOHA)
Koha item type General Book
Holdings
Source of classification or shelving scheme Koha full call number Location (home branch) Not for loan Koha normalized classification for sorting Piece designation (barcode) Price effective from Koha item type Withdrawn status Copy number Date acquired Sublocation or collection (holding branch) Shelving location Damaged status Lost status Koha date last seen
 660.28422/SMI/1963Central Library, BUET 660_284220000000000_SMI_1963298392015-03-04General Book 12015-03-04Central Library, BUETCirculation section  2015-03-04
 660.28422/SMI/1963Central Library, BUET 660_284220000000000_SMI_1963298422015-03-04General Book 22015-03-04Central Library, BUETCirculation section  2015-03-04
 660.28422/SMI/1963Central Library, BUET 660_284220000000000_SMI_1963298522015-03-04General Book 32015-03-04Central Library, BUETCirculation section  2015-03-04